书目信息 |
| 题名: |
英语词素分析
|
|
| 作者: | 詹贤鋘 著 | |
| 分册: | ||
| 出版信息: | 北京 商务印书馆 1980 |
|
| 页数: | 298页 | |
| 开本: | 19cm | |
| 丛书名: | 英语自学丛书 | |
| 单 册: | ||
| 中图分类: | H314.2 | |
| 科图分类: | ||
| 主题词: | 英语 | |
| 电子资源: | ||
| ISBN: | ||
| 000 | 00743nam2 2200265 45 | |
| 001 | 0180004748 | |
| 005 | 20060810160334.85 | |
| 010 | @dCNY0.74 | |
| 091 | @a9017.912 | |
| 100 | @a19950606d1980 em y0chiy0121 ea | |
| 101 | 0 | @achi |
| 102 | @aCN@b110000 | |
| 105 | @ay z 000yy | |
| 200 | 10 | @a英语词素分析@Aying yu ci su fen xi@e英语单词简捷记忆法@f詹贤鋘著 |
| 210 | @a北京@c商务印书馆@d1980 | |
| 215 | @a298页@d19cm | |
| 225 | 2 | @a英语自学丛书 |
| 410 | 0 | @120010@a英语自学丛书 |
| 517 | 1 | @a英语单词简捷记忆法@Aying yu dan ci jian jie ji yi fa |
| 606 | 0 | @a英语 |
| 690 | @aH314.2 | |
| 701 | 0 | @a詹贤鋘@Azhan xian yun@4著 |
| 801 | 2 | @aCN@bNLC@c20060810 |
| 801 | 0 | @aCN@b上海图书馆@c20040507 |
| 905 | @f2@b47350-351@dH314.2@e111 | |
| 英语词素分析:英语单词简捷记忆法/詹贤鋘著.-北京:商务印书馆,1980 |
| 298页;19cm.-(英语自学丛书) |
| ISBN :CNY0.74 |
| ● |
| 相关链接 |
|
|
|
|
正题名:英语词素分析
索取号:H314.2/111
 
预约/预借
| 序号 | 登录号 | 条形码 | 馆藏地/架位号 | 状态 | 备注 |
| 1 | 0047350 | 001382989 | 第四借阅区/ [索取号:H314.2/111] | 在馆 | |
| 2 | 0047351 | 001382943 | 密集书库/ [索取号:H314.2/111] | 在馆 | |
| 3 | 0047352 | 001383041 | 第二样本阅览室/ [索取号:H314.2/111] | 在馆 | |
| 4 | 0047438 | 001386556 | 密集书库/ [索取号:H314.2/111] | 在馆 | |
| 5 | 0455398 | 204553982 | 密集书库/ [索取号:H314.2/111] | 在馆 |